| 000 | 00655nas a2200193 a 4500 | ||
|---|---|---|---|
| 001 | 4971 | ||
| 003 | CDMR | ||
| 005 | 20151130101709.0 | ||
| 008 | 130130d20022006|||qr|||||||||||||||||||d | ||
| 040 |
_aCDMR _bcat _cCPC GIRONA |
||
| 245 | 0 | 0 |
_aInsert TV _b: revista d'informació trimestral de Televisions Locals de Catalunya |
| 260 |
_aCerdanyola del Vallès _bXarxa de televisions locals de Catalunya _c2000-2006 |
||
| 300 |
_av. _ccm. |
||
| 310 | _aTrimenstral | ||
| 362 | _aNúm. 1 (1r trimestre 2002) - Núm. 19 (3r trimestre 2006) | ||
| 650 | 0 | 4 |
_93757 _aTelevisió local _zCatalunya _vRevistes |
| 650 | 0 | 4 |
_94580 _aButlletins d'informació |
| 942 |
_cSER _2udc |
||
| 999 |
_c4971 _d4971 |
||